000 00695nam a2200229 i 4500
001 133629
003 ES-MaACL
005 20250814083538.0
007 t|
008 070822s1972 sp ||||1| spa d
100 1 _aWood, Robin.
_9117319
245 1 0 _aClaude Chabrol /
_cRobin Wood y Michael Walker ; [traductor Miguel Marías].
260 _a[Madrid] :
_bFundamentos,
_c[1972]
300 _a215 p. :
_bil. ;
_c20 cm.
490 1 _aArte ;
_v29.
_aCine
600 1 4 _aChabrol, Claude.
_937742
700 1 _aWalker, Michael.
_9115935
700 1 _aMarías, Miguel.
_976692
830 1 _aArte.
_aCine
_v29.
_9182700
852 _aES-MaACL
_jC-49325
999 _c133629
_d133629